[Event "Rutas de Cuenca op 6th"]
[Site "Cuenca"]
[Date "2019.07.20"]
[Round "4"]
[White "Garcia Fernandez, Jesus"]
[Black "Garcia Fuentes, Jorge"]
[Result "1-0"]
[WhiteElo "1829"]
[BlackElo "1478"]
[PlyCount "63"]
[EventDate "2019.07.19"]
[EventType "swiss"]
[EventRounds "7"]
[EventCountry "ESP"]
[SourceTitle "CBM 195 Extra"]
[Source "ChessBase"]
[SourceDate "2020.05.31"]
[SourceVersion "1"]
[SourceVersionDate "2020.05.31"]
[SourceQuality "1"]

1. d4 Nf6 2. Nc3 g6 3. e4 d6 4. f3 Bg7 5. Be3 Nbd7 6. Bc4 0-0 7. Qd2 e5 8. Nge2 Nb6 9. Bb3 c6 10. a4 a5 11. dxe5 dxe5 12. Qxd8 Rxd8 13. Bxb6 Re8 14. Rd1 Be6 15. Bxe6 Rxe6 16. Kf2 h5 17. Rd3 Ra6 18. Be3 Kh7 19. Rhd1 Bh6 20. Rd8 Bxe3+ 21. Kxe3 Re8 22. Rxe8 Nxe8 23. Rd7 Kg7 24. b3 Kf6 25. Rxb7 Nd6 26. Rc7 Ke6 27. Nc1 f5 28. Nd3 f4+ 29. Ke2 Kf6 30. Nc5 Ra8 31. Rxc6 Rd8 32. Nb7 1-0

[Event "Rutas de Cuenca op 6th"]
[Site "Cuenca"]
[Date "2019.07.20"]
[Round "5"]
[White "Garcia Fuentes, Jorge"]
[Black "Rodriguez Valdeavaro, Julio C"]
[Result "0-1"]
[WhiteElo "1478"]
[BlackElo "1831"]
[PlyCount "56"]
[EventDate "2019.07.19"]
[EventType "swiss"]
[EventRounds "7"]
[EventCountry "ESP"]
[SourceTitle "CBM 195 Extra"]
[Source "ChessBase"]
[SourceDate "2020.05.31"]
[SourceVersion "1"]
[SourceVersionDate "2020.05.31"]
[SourceQuality "1"]

1. e4 c5 2. Nf3 d6 3. d4 cxd4 4. Nxd4 Nf6 5. Nc3 Nc6 6. f3 e5 7. Ndb5 a6 8. Na3 b5 9. Nd5 Nxd5 10. Qxd5 Qb6 11. c3 Be6 12. Qd3 Be7 13. Be3 Qb7 14. Be2 0-0 15. Qd2 d5 16. Nc2 dxe4 17. fxe4 Na5 18. Bd3 Rad8 19. Rd1 Bg4 20. 0-0 Nc4 21. Qc1 Bxd1 22. Rxd1 Nxe3 23. Qxe3 Qc7 24. Kh1 Rd7 25. h3 Rfd8 26. Nb4 Bxb4 27. cxb4 Rd4 28. Kg1 Qd6 0-1